<?xml version="1.0" encoding="UTF-8"?><?xml-stylesheet type="text/xsl" href="static/style.xsl"?><OAI-PMH xmlns="http://www.openarchives.org/OAI/2.0/" xmlns:xsi="http://www.w3.org/2001/XMLSchema-instance" xsi:schemaLocation="http://www.openarchives.org/OAI/2.0/ http://www.openarchives.org/OAI/2.0/OAI-PMH.xsd"><responseDate>2026-04-18T00:48:37Z</responseDate><request verb="GetRecord" identifier="oai:www.recercat.cat:2445/196313" metadataPrefix="marc">https://recercat.cat/oai/request</request><GetRecord><record><header><identifier>oai:recercat.cat:2445/196313</identifier><datestamp>2025-12-06T01:57:36Z</datestamp><setSpec>com_2072_1057</setSpec><setSpec>col_2072_478820</setSpec><setSpec>col_2072_478917</setSpec></header><metadata><record xmlns="http://www.loc.gov/MARC21/slim" xmlns:dcterms="http://purl.org/dc/terms/" xmlns:xsi="http://www.w3.org/2001/XMLSchema-instance" xmlns:doc="http://www.lyncode.com/xoai" xsi:schemaLocation="http://www.loc.gov/MARC21/slim http://www.loc.gov/standards/marcxml/schema/MARC21slim.xsd">
   <leader>00925njm 22002777a 4500</leader>
   <datafield ind2=" " ind1=" " tag="042">
      <subfield code="a">dc</subfield>
   </datafield>
   <datafield ind2=" " ind1=" " tag="720">
      <subfield code="a">Pla Vargas, Lluís</subfield>
      <subfield code="e">author</subfield>
   </datafield>
   <datafield ind2=" " ind1=" " tag="260">
      <subfield code="c">2023-03-31T14:59:04Z</subfield>
   </datafield>
   <datafield ind2=" " ind1=" " tag="260">
      <subfield code="c">2023-03-31T14:59:04Z</subfield>
   </datafield>
   <datafield ind2=" " ind1=" " tag="260">
      <subfield code="c">2013-06-01</subfield>
   </datafield>
   <datafield ind2=" " ind1=" " tag="260">
      <subfield code="c">2023-03-31T14:59:04Z</subfield>
   </datafield>
   <datafield ind2=" " ind1=" " tag="520">
      <subfield code="a">Bajo el enigmático y, con todo, preciso título La sombra de lo invisible, este volumen reúne las reflexiones de una escogida selección de pensadores versados en la fenomenología con ocasión del medio siglo transcurrido desde la muerte de Maurice Merleau-Ponty (1908-1961). Las siete lecciones, junto a la excelente introducción, de la que puede decirse que constituye una octava, más el breve apéndice firmado por Marc Richir, aúnan conocimiento amplio, perspicacia lectora y excelencia filosófica con el objeto de reivindicar la figura del pensador que, junto a Jean-Paul Sartre, dominó el escenario filosófico en lengua francesa desde los inicios de la postguerra -su obra señera, la Fenomenología de la percepción, se publica en 1945- hasta 1961, cuando desaparece prematuramente, dejando inédito algún texto relevante para la estética contemporánea como Lo visible y lo invisible.</subfield>
   </datafield>
   <datafield tag="653" ind2=" " ind1=" ">
      <subfield code="a">Ressenyes (Documents)</subfield>
   </datafield>
   <datafield tag="653" ind2=" " ind1=" ">
      <subfield code="a">Reviews (Documents)</subfield>
   </datafield>
   <datafield tag="653" ind2=" " ind1=" ">
      <subfield code="a">La sombra de lo invisible. Merleau-Ponty 1961-2011 (Siete&#xd;
lecciones)</subfield>
   </datafield>
   <datafield ind2="0" ind1="0" tag="245">
      <subfield code="a">Merleau-Ponty: la pasividad fértil. Álvarez Falcón, Luis (Coord.): La sombra de lo invisible. Merleau-Ponty 1961-2011 (Siete lecciones), Eutelequia, Madrid, 2011.</subfield>
   </datafield>
</record></metadata></record></GetRecord></OAI-PMH>